Crecimiento de Bogotá y dispersión de funciones bancaria desde su centro histórico 1950-2000 / (Registro nro. 12152)

Detalles MARC
000 -LEADER
fixed length control field 01034nam a2200253Ia 4500
003 - CONTROL NUMBER IDENTIFIER
control field OSt
005 - DATE AND TIME OF LATEST TRANSACTION
control field 20210812142700.0
008 - FIXED-LENGTH DATA ELEMENTS--GENERAL INFORMATION
fixed length control field 210310s2006 ck ado gr 000 0 spa d
020 ## - INTERNATIONAL STANDARD BOOK NUMBER
International Standard Book Number 9789586952606
040 ## - CATALOGING SOURCE
Original cataloging agency CO-JMCR
Transcribing agency CO-JMCR
041 0# - LANGUAGE CODE
Language code of text/sound track or separate title spa
082 04 - DEWEY DECIMAL CLASSIFICATION NUMBER
Classification number 332.1 /
Item number G643c
Edition number 23
100 1# - MAIN ENTRY--PERSONAL NAME
Personal name Urbina Gonzalez, Amparo de,
Relator term autora
9 (RLIN) 39341
245 10 - TITLE STATEMENT
Title Crecimiento de Bogotá y dispersión de funciones bancaria desde su centro histórico 1950-2000 /
Statement of responsibility, etc. Amparo de Urbina González
250 ## - EDITION STATEMENT
Edition statement Primera edición
260 ## - PUBLICATION, DISTRIBUTION, ETC.
Place of publication, distribution, etc. Bogotá :
Name of publisher, distributor, etc. Universidad de los Andes,
Date of publication, distribution, etc. 2006.
300 ## - PHYSICAL DESCRIPTION
Extent 69 páginas :
Other physical details ilustraciones y gráficas en blanco y negro ;
Dimensions 28 cm.
504 ## - BIBLIOGRAPHY, ETC. NOTE
Bibliography, etc. note Bibliografía : páginas 57-60.
505 ## - FORMATTED CONTENTS NOTE
Formatted contents note Metodología. -- Centros urbanos- centros históricos. -- El centro histórico de Bogotá. -- La actividad bancaria. -- Diagnóstico.
650 14 - SUBJECT ADDED ENTRY--TOPICAL TERM
Topical term or geographic name entry element Historia
Form subdivision Bancos
Geographic subdivision Bogotá : Colombia
9 (RLIN) 39342
650 24 - SUBJECT ADDED ENTRY--TOPICAL TERM
Topical term or geographic name entry element Banca
Geographic subdivision Colombia
9 (RLIN) 38879
650 24 - SUBJECT ADDED ENTRY--TOPICAL TERM
Topical term or geographic name entry element Centros urbanos
Geographic subdivision Colombia
9 (RLIN) 39343
942 ## - ADDED ENTRY ELEMENTS (KOHA)
Source of classification or shelving scheme Dewey Decimal Classification
Koha item type Books
Existencias
Withdrawn status Lost status Source of classification or shelving scheme Damaged status Not for loan Home library Current library Shelving location Date acquired Source of acquisition Full call number Barcode Date last seen Copy number Price effective from Koha item type
    Dewey Decimal Classification     Biblioteca Pública José María del Castillo y Rada Biblioteca Pública José María del Castillo y Rada General Stacks 04/15/2018 Donación 332.1 / G643c 430002478 05/16/2024 Ej.1 03/10/2021 Books